000 05882nam0a22005171 4500
001 RU\NLR\BIBL_A\016216370
005 20260531090057.0
035 _a(NLR Aleph) 016216370
090 _a12723606
_c12723606
100 _a20221121j1804 |||y0rusy50 ca
101 0 _arus
102 _aRU
105 _ay n 000yy
200 1 _aУказ его императорскаго величества самодержца всероссийскаго,
_e[о пожалонии гофмейстеру князю Вяземскому чина тайного советника и назначении его в Сенат, о позволении детям отставного ротмистра Михаила Рукина, отставного флота лейтенанта Дмитрия Брылкина, отставного бригадира Василия Кудрявцева, майора Ларионова, майора Степана Жигитя и подполковника Ивана Ломиковского, рожденным до брака, принять фамилию отца]
_fиз Правительствующаго Сената
210 _a[Санкт-Петербург
_cСенатская типография
_dапр. 1804]
215 _a[2] с.
_d
300 _aСенат. указ о рассылке семи именных указов от 15, 22, 27 и 29 марта 1804 г.
300 _aТекст начинается словами: По имянным его императорскаго величества высочайшим указам, данным Правительствующему Сенату минувшаго марта...
300 _aВ конце текста на с.[2] дата рассылки: Апреля дня 1804 года
300 _aВ левом нижнем углу на с.[2]: По 1 му департаменту
300 _aМесто изд. и тип. даны по печат. реестру к конволюту
316 _aЭкз. РНБ (18.88.1.1-7-58) является частью владельч. конволюта. Припл. к: Указ его императорскаго величества самодержца всероссийскаго,: [О обручении великой княжны Марии Павловны с принцем саксен-веймарским и эйзенахским Карлом Фридериком] / из Правительствующаго Сената. - [Санкт-Петербург: Сенатская типография, янв. 1803]. В правом верхнем углу на с.[1] от руки написан порядковый номер аллигата: 58
_5NLR: 18.88.1.1-7-58
482 0 _1001RU\NLR\BIBL_A\012567545
_12001#$aУказ его императорскаго величества самодержца всероссийскаго,$e[О обручении великой княжны Марии Павловны с принцем саксен-веймарским и эйзенахским Карлом Фридериком]$fиз Правительствующаго Сената
_1210##$a[Санкт-Петербург$cСенатская типография$dянв. 1803]
_912480404
_c[Санкт-Петербург
_dянв. 1804]
_fиз Правительствующаго Сената
_nСенатская типография
_o[О обручении великой княжны Марии Павловны с принцем саксен-веймарским и эйзенахским Карлом Фридериком]
_p[2] с.
_tУказ его императорскаго величества самодержца всероссийскаго,
517 1 _aПо имянным его императорскаго величества высочайшим указам, данным Правительствующему Сенату минувшаго марта...
518 1 _aУказ его императорского величества самодержца всероссийского,
518 1 _aПо именным его императорского величества высочайшим указам, данным Правительствующему Сенату минувшего марта...
606 1 _aЗаконодательство
_yРоссия
_z1801 - 1825
_92280395
_3RU\NLR\AUTH\6601594564
620 _dСанкт-Петербург
686 _aХ2(2)47-3
702 0 _4720
_7ca
_8rus
_aАлександр
_cимператор российский
_dI
_f1777-1825
_9115306
_3RU\NLR\AUTH\775342
702 1 _7ca
_8rus
_aВяземский
_bН. Г.
_f1769-1846
_gНиколай Григорьевич
_9249398
_3RU\NLR\AUTH\770249454
702 1 _7ca
_8rus
_aРукин
_bМ. П.
_f1740-
_gМихаил Петрович
_9249400
_3RU\NLR\AUTH\770249456
702 1 _7ca
_8rus
_aБрылкин
_bД. К.
_gДмитрий Кириллович
_9249402
_3RU\NLR\AUTH\770249458
702 1 _7ca
_8rus
_aКудрявцев
_bВ.
_cбригадир
_f18-19 в.
_gВасилий
_9249405
_3RU\NLR\AUTH\770249461
702 1 _7ca
_8rus
_aЛарионов
_cмайор
_f18-19 в.
_9249406
_3RU\NLR\AUTH\770249462
702 1 _7ca
_8rus
_aЖигит
_bС. О.
_gСтепан Осипович
_9249409
_3RU\NLR\AUTH\770249465
702 1 _7ca
_8rus
_aЛомиковский
_bИ. И.
_gИван Иванович
_9249423
_3RU\NLR\AUTH\770249479
710 0 1 _4720
_aРоссия
_bИмператор
_c1801-1825; Александр I
_9584940
_3RU\NLR\AUTH\8810042745
711 0 1 _4720
_aРоссия
_bСенат
_9392688
_3RU\NLR\AUTH\889948534
712 0 2 _4610
_aСенатская типография
_cПетербург
_9375085
_3RU\NLR\AUTH\889940127
852 _aNLR
_j18.88.1.1-7-58
942 _cBOOK
980 _aNB
980 _aA1UKAZ